Molecular biology: Principles and practice (Record no. 395180)

MARC details
000 -LEADER
fixed length control field 00586 a2200229 4500
005 - DATE & TIME
control field 20260204152007.0
008 - FIXED-LENGTH DATA ELEMENTS--GENERAL INFORMATION
fixed length control field 260204b |||||||| |||| 00| 0 eng d
020 ## - ISBN
International Standard Book Number 9781319154134
Price £ 82.99
040 ## - CATALOGING SOURCE
Original cataloging agency VIVEKANANDA LIBRARY
082 ## - DDC NUMBER
Classification number 574.88
Book Number C839M(2)
100 ## - MAIN ENTRY--PERSONAL NAME
Personal name Cox, Michael M
245 ## - TITLE STATEMENT
Title Molecular biology: Principles and practice
250 ## - EDITION STATEMENT
Edition statement 2nd
260 ## - PUBLICATION, DISTRIBUTION, ETC. (IMPRINT)
Name of publisher, distributor, etc Macmillan Education
Date of publication, distribution, etc 2015
Place of publication, distribution, etc New York
300 ## - PHYSICAL DESCRIPTION
Pages v.
650 ## - Subject
Subject Biology
650 ## - Subject
Subject Molecular Biology
650 ## - Subject
Subject Genomics
700 ## - Added Entry Personal Name
Added Entry Personal Name Doudna, Jennifer A
700 ## - Added Entry Personal Name
Added Entry Personal Name Donnell, Michael O
942 ## - ADDED ENTRY ELEMENTS (KOHA)
Koha item type Books
Holdings
Withdrawn status Lost status Source of classification or shelving scheme Damaged status Not for loan Location (home branch) Sublocation or collection (holding branch) Shelving location Date acquired Koha issues (times borrowed) Koha full call number Accession No. Koha date last seen Koha item type
    Dewey Decimal Classification     VIVEKANANDA LIBRARY VIVEKANANDA LIBRARY Vivekananda Library 05/01/2026   574.88 C839M(2) 444211 05/01/2026 Books
© Designed and Maintained by Vivekananda Library, MDU Rohtak